000
00356nam a2200133Ia 4500
008
151001s9999||||xx |||||||||||||| ||und||
100
_a
राकेश इंदूरखा
245
_a
अचूक निशाना
250
_a
1
260
_b
संतोष साहित्य
260
_c
2007
300
_a
16
365
_b
21
999
_c
990424
_d
990421